Death Note Episodes - Statistics

General Stats
  • This quiz has been taken 31 times
  • The average score is 13 of 37
Answer Stats
# Episode % Correct
37 New World
63%
29 Father
53%
19 Matsuda
53%
36 1.28
42%
23 Frenzy
42%
12 Love
42%
1 Rebirth
42%
25 Silence
42%
13 Confession
37%
2 Confrontation
37%
16 Decision
37%
9 Encounter
37%
17 Execution
37%
14 Friend
37%
30 Justice
37%
7 Overcast
37%
24 Revival
37%
33 Scorn
37%
5 Tactics
37%
6 Unraveling
37%
15 Wager
37%
18 Ally
32%
11 Assault
32%
3 Dealings
32%
10 Doubt
32%
8 Glare
32%
35 Malice
32%
21 Performance
32%
4 Pursuit
32%
34 Vigilance
32%
27 Abduction
26%
22 Guidance
26%
28 Impatience
26%
20 Makeshift
26%
32 Selection
26%
26 Renewal
21%
31 Transfer
21%
No matching quizzes found
Score Distribution
Percent of People with Each Score
Percentile by Number Answered
Your Score History
You have not taken this quiz